<?xml version="1.0" encoding="UTF-8"?>
<record
    xmlns:xsi="http://www.w3.org/2001/XMLSchema-instance"
    xsi:schemaLocation="http://www.loc.gov/MARC21/slim http://www.loc.gov/standards/marcxml/schema/MARC21slim.xsd"
    xmlns="http://www.loc.gov/MARC21/slim">

  <leader>00605nam a2200181 i 4500</leader>
  <controlfield tag="001">112959</controlfield>
  <controlfield tag="003">ES-MaACL</controlfield>
  <controlfield tag="005">20230906185718.0</controlfield>
  <controlfield tag="007">t|</controlfield>
  <controlfield tag="008">061121q19401949sp      r    ||||1| spa d</controlfield>
  <datafield tag="110" ind1="2" ind2=" ">
    <subfield code="a">Museo Nacional de Escultura (Espa&#xF1;a)</subfield>
    <subfield code="9">5901</subfield>
  </datafield>
  <datafield tag="245" ind1="1" ind2="3">
    <subfield code="a">El Museo Nacional de Escultura de Valladolid.</subfield>
  </datafield>
  <datafield tag="260" ind1=" " ind2=" ">
    <subfield code="a">[s.l.] : </subfield>
    <subfield code="b">Direcci&#xF3;n General del Turismo, </subfield>
    <subfield code="c">[194-?]</subfield>
  </datafield>
  <datafield tag="300" ind1=" " ind2=" ">
    <subfield code="a">4 h. 2 l&#xE1;ms. : </subfield>
    <subfield code="b">il ; </subfield>
    <subfield code="c">18 cm.</subfield>
  </datafield>
  <datafield tag="610" ind1="2" ind2=" ">
    <subfield code="a">Museo Nacional de Escultura (Espa&#xF1;a)</subfield>
    <subfield code="9">5901</subfield>
  </datafield>
  <datafield tag="710" ind1="1" ind2=" ">
    <subfield code="a">Espa&#xF1;a. </subfield>
    <subfield code="b">Direcci&#xF3;n General de Turismo.</subfield>
    <subfield code="9">172729</subfield>
  </datafield>
  <datafield tag="852" ind1=" " ind2=" ">
    <subfield code="a">ES-MaACL</subfield>
    <subfield code="j">1874-F-22 </subfield>
    <subfield code="b">R.24490</subfield>
  </datafield>
  <datafield tag="999" ind1=" " ind2=" ">
    <subfield code="c">112959</subfield>
    <subfield code="d">112959</subfield>
  </datafield>
  <datafield tag="952" ind1=" " ind2=" ">
    <subfield code="0">0</subfield>
    <subfield code="1">0</subfield>
    <subfield code="4">0</subfield>
    <subfield code="7">0</subfield>
    <subfield code="8">Colecci&#xF3;n_de_folletos</subfield>
    <subfield code="a">ATENEOM</subfield>
    <subfield code="b">ATENEOM</subfield>
    <subfield code="c">DEPOF</subfield>
    <subfield code="d">2008-01-17</subfield>
    <subfield code="e">SC</subfield>
    <subfield code="l">0</subfield>
    <subfield code="o">1874-F-22</subfield>
    <subfield code="p">1117826</subfield>
    <subfield code="r">2023-02-23 00:00:00</subfield>
    <subfield code="w">2023-02-23</subfield>
    <subfield code="y">FOLLETOS</subfield>
  </datafield>
</record>
